Verdades sentimentales / (Record no. 69980)

MARC details
000 -LEADER
campo de control de longitud fija 00591nam a2200181 i 4500
001 - NÚMERO DE CONTROL
campo de control 69980
003 - IDENTIFICADOR DE NÚMERO DE CONTROL
campo de control ES-MaACL
005 - FECHA Y HORA DE LA ÚLTIMA TRANSACCIÓN
campo de control 20240228172243.0
007 - CAMPO FIJO DE DESCRIPCIÓN FÍSICA--INFORMACIÓN GENERAL
campo de control de longitud fija t|
008 - DATOS DE LONGITUD FIJA--INFORMACIÓN GENERAL
campo de control de longitud fija 040714s1925 sp ||||1| spa d
100 1# - ENTRADA PRINCIPAL--NOMBRE DE PERSONA
Nombre de persona García Martí, Victoriano,
Fechas asociadas al nombre 1881-1966
9 (RLIN) 54896
245 10 - MENCIÓN DEL TÍTULO
Título Verdades sentimentales /
Mención de responsabilidad, etc. Victoriano García Martí ; con un estudio crítico de Cansinos Asséns.
260 ## - PUBLICACIÓN, DISTRIBUCIÓN, ETC.
Lugar de publicación, distribución, etc. Madrid :
Nombre del editor, distribuidor, etc. [s.n.,
Fecha de publicación, distribución, etc. 1925] (
Fabricante Yagües)
300 ## - DESCRIPCIÓN FÍSICA
Extensión 213 p. ;
Dimensiones 20 cm.
700 1# - ENTRADA AGREGADA--NOMBRE PERSONAL
Nombre de persona Cansinos Asséns, Rafael,
Fechas asociadas al nombre 1882-1964
9 (RLIN) 34616
852 ## - LOCALIZACIÓN
Ubicación ES-MaACL
Número de control de estantería F-7210
Holdings
Estatus retirado Estado de pérdida Estado de daño No para préstamo Biblioteca de origen Biblioteca actual Ubicación en estantería Fecha de adquisición Fuente de adquisición Total de préstamos Signatura topográfica completa Código de barras Visto por última vez Precio de reemplazo Tipo de ítem Koha
        Biblioteca del Ateneo de Madrid Biblioteca del Ateneo de Madrid Depósito 2 17/01/2008     F-7210 1073282 23/02/2023 23/02/2023 Libro impreso